=LDR 00000nam 2200000 4500 =001 INLIS000000000037631 =005 20141206104510.0 =006 =007 =008 Ind =035 ##$$0010-061300000037631 =041 ##$$a Ind =082 ##$$a 641.8 =090 ##$$a 641.8, Nun s =100 ##$$a Nunung =245 ##$$a Sukses bisnis kroket pastel risoles, Nunung ; penyunting, Kiki Sulistiyani =260 ##$$a 2010 $b Jakarta =300 ##$$a v, 77 hlm, ilus, 23 cm =650 ##$$a Kue-kroket =700 ##$$a Sulistiyani, Kiki =850 ##$$a NBPNMAT =990 ##$$a 0001/BPAP-NTB/20142015 =990 ##$$a 0001/BPAP-NTB/20142015